[Event "FRA-chT2 1011"]
[Site "France"]
[Date "2010.10.17"]
[Round "1.6"]
[White "Clottes, Jean Philippe"]
[Black "Jacquot, Laurent"]
[Result "1/2-1/2"]
[WhiteElo "1970"]
[BlackElo "1935"]
[PlyCount "58"]
[EventDate "2010.10.17"]
[EventType "team-tourn"]
[EventRounds "11"]
[EventCountry "FRA"]
[SourceTitle "EXT 2012"]
[Source "ChessBase"]
[SourceDate "2011.11.24"]
[SourceVersion "1"]
[SourceVersionDate "2011.11.24"]
[SourceQuality "1"]

1. e4 c5 2. Nf3 g6 3. d4 Bg7 4. c4 Nc6 5. d5 Ne5 6. Nc3 d6 7. Nxe5 Bxe5 8. Bd3 h5 9. Qc2 Nh6 10. Ne2 Bg4 11. f3 Bd7 12. Bd2 Qc7 13. f4 Bf6 14. Bc3 0-0-0 15. h3 Rde8 16. 0-0-0 Kb8 17. Rhf1 Rhg8 18. Rde1 Bh4 19. g3 Bf6 20. Ng1 Bd4 21. Bxd4 cxd4 22. b4 Rc8 23. Kb2 Qb6 24. Qb3 g5 25. f5 f6 26. a4 a5 27. b5 Nf7 28. Rc1 g4 29. h4 Ne5 1/2-1/2